Estadísticas para Top 10 Países con el Mayor Número de Caballos

Haz click aquí para tomar la prueba!

Estadísticas generales

  • Esta prueba ha sido tomada 1.991 veces
  • La puntuación promedio es 7 de 10

Estadísticas de respuestas

# de caballosPaís% Correcto
10.3 MEstados Unidos
97%
6.03 MChina
91%
3.60 MArgentina
88%
6.35 MMéxico
87%
1.37 MRusia
87%
5.45 MBrasil
85%
3.00 MMongolia
67%
822 milColombia
66%
1.78 MKazajistán
48%
2.03 MEtiopía
15%

Distribución de puntuación

Porcentaje por número respondido

Porcentaje de gente con cada puntuación

Historial de tus puntuaciones

No has tomado esta prueba